ბათუმის შოთა რუსთაველის სახელმწიფო უნივერსიტეტის ბიბლიოთეკა

Европейское международное право / (ბიბ.ჩანაწერი № 41275)

000 -LEADER
fixed length control field 00875nam a2200229Ia 4500
001 - CONTROL NUMBER
control field 7930
003 - CONTROL NUMBER IDENTIFIER
control field GE_BSU
005 - DATE AND TIME OF LATEST TRANSACTION
control field 20221003120555.0
008 - FIXED-LENGTH DATA ELEMENTS--GENERAL INFORMATION
fixed length control field 181216s2009ru xx |||||||||||||| ||rus||
020 ## - INTERNATIONAL STANDARD BOOK NUMBER
International Standard Book Number 9785713313302
040 ## - CATALOGING SOURCE
Transcribing agency GE_BSU
041 ## - LANGUAGE CODE
Language code of text/sound track or separate title rus
080 ## - UNIVERSAL DECIMAL CLASSIFICATION NUMBER
Universal Decimal Classification number 341(075.8) Е-22
100 ## - MAIN ENTRY--PERSONAL NAME
Personal name Абашидзе,А.Х.
9 (RLIN) 14953
245 ## - TITLE STATEMENT
Title Европейское международное право /
Statement of responsibility, etc. А.Х. Абашидзе, Отв. ред. Ю.М.Колосов
264 ## - PRODUCTION, PUBLICATION, DISTRIBUTION, MANUFACTURE, AND COPYRIGHT NOTICE
Place of production, publication, distribution, manufacture Москва :
Name of producer, publisher, distributor, manufacturer Международные отношения,
Date of production, publication, distribution, manufacture, or copyright notice 2009.
300 ## - PHYSICAL DESCRIPTION
Extent 408 стр:
Dimensions 21 см.
653 ## - INDEX TERM--UNCONTROLLED
keyword Европейское международное право
653 ## - INDEX TERM--UNCONTROLLED
keyword ევროპული საერთაშორისო სამართალი
700 ## - ADDED ENTRY--PERSONAL NAME
Personal name Колосов, Ю.М
Relator term რედაქტორი
9 (RLIN) 14954
942 ## - ADDED ENTRY ELEMENTS (KOHA)
Koha item type წიგნი
Source of classification or shelving scheme
ეგზემპლარები
Withdrawn status Lost status Source of classification or shelving scheme Damaged status Not for loan Permanent Location Current Location Shelving location Date acquired Cost, normal purchase price Full call number Barcode Date last seen Copy number Price effective from Koha item type Public note
          ბათუმის შოთა რუსთაველის სახელმწიფო უნივერსიტეტის მთავარი ბიბლიოთეკა ბათუმის შოთა რუსთაველის სახელმწიფო უნივერსიტეტის მთავარი ბიბლიოთეკა წიგნსაცავი 2018-12-17 41.00 341(075.8) Е-22 24402 2018-12-17 24402 2018-12-17 წიგნი 41.00